000 00447nam a2200181Ia 4500
003 GCL
008 140319s9999 xx 000 0 eng d
040 _aGCL /
_cGCL
082 0 4 _a843
_bC O
100 1 _aCOCTEAU, JEAN
245 1 0 _aOPIUM: JOURNAL D'UNE /
_cCOCTEAU, JEAN
260 _a[S.N] :
_bSTOCK ،
_c1930
300 _a126 P
490 _aCOLLECTION FOLIO
_v0
650 0 4 _aLITERATURE
650 0 4 _aFRENCH LITERATURE
942 _2ddc
_cBK
999 _c25609
_d25609